000 00290nam a2200097Ia 4500
008 230915s9999 xx 000 0 und d
050 _aQC21.2.G53 C.2
100 _aDOUGLAS C. GIANCOLI
245 0 _aSTUDY GUIDE AND STUDENT SOLUTIONS MANUAL:PHYSICS FOR SCIENTISTS AND ENGINEERS
942 _cBK
999 _c189633
_d189633